[Event "Alicante Dama Negra 5th"]
[Site "Alicante"]
[Date "2024.12.29"]
[Round "6"]
[White "Robledo Sanchez, Carlos"]
[Black "Lopez Martinez, Jaime"]
[Result "1/2-1/2"]
[WhiteElo "2115"]
[BlackElo "2052"]
[PlyCount "103"]
[EventDate "2024.12.26"]
[EventType "swiss"]
[EventRounds "9"]
[EventCountry "ESP"]
[SourceTitle "CB01_2025"]
[SourceDate "2025.01.01"]
[SourceVersion "1"]
[SourceVersionDate "2025.01.01"]
[SourceQuality "1"]

1. c4 e6 2. Nf3 d5 3. e3 Nf6 4. b3 Be7 5. Bb2 0-0 6. d4 b6 7. cxd5 Nxd5 8. Bd3 Bb7 9. 0-0 Nd7 10. Nc3 Nxc3 11. Bxc3 c5 12. Qe2 cxd4 13. Nxd4 Nc5 14. Bc4 Bf6 15. Rfd1 Qe7 16. Rac1 Rfd8 17. f3 Rac8 18. b4 Na4 19. Be1 Bxd4 20. exd4 Rxc4 21. Qxc4 Nb2 22. Qc7 Rd7 23. Qb8+ Rd8 24. Qxa7 Nxd1 25. Rxd1 Qc7 26. Qa3 h6 27. Qe3 Bd5 28. a4 Qc2 29. Ra1 Rc8 30. a5 Qb2 31. Rd1 bxa5 32. bxa5 Qa2 33. Rc1 Rxc1 34. Qxc1 Bc4 35. h3 Qe2 36. Qc3 Ba6 37. Bg3 Qf1+ 38. Kh2 Qe2 39. Qc6 Qb5 40. Qc7 Qb7 41. Qd8+ Kh7 42. Be5 Bf1 43. Kg1 Bc4 44. Qb6 Bd5 45. Kf2 Kg6 46. Qxb7 Bxb7 47. Ke3 f6 48. Bd6 Ba6 49. g3 h5 50. h4 Bb7 51. Kd3 Bxf3 52. Kc4 1/2-1/2

[Event "ESP-chT CECLUB Div2"]
[Site "Linares"]
[Date "2024.08.13"]
[Round "4.23"]
[White "Robledo Sanchez, Carlos"]
[Black "Barrero Garcia, Carlos"]
[Result "1/2-1/2"]
[WhiteElo "2138"]
[BlackElo "2281"]
[PlyCount "56"]
[EventDate "2024.08.11"]
[EventType "team-swiss"]
[EventRounds "7"]
[EventCountry "ESP"]
[SourceTitle "CBM 221 Extra"]
[Source "ChessBase"]
[SourceDate "2024.09.30"]
[SourceVersion "1"]
[SourceVersionDate "2024.09.30"]
[SourceQuality "1"]
[WhiteTeam "Enric Valor"]
[BlackTeam "Ciudad de Huelva"]
[WhiteTeamCountry "ESP"]
[BlackTeamCountry "ESP"]

1. c4 b6 2. Nc3 Bb7 3. e4 e6 4. g3 f5 5. Bg2 Nf6 6. Qc2 Be7 7. Nge2 0-0 8. 0-0 fxe4 9. Nxe4 Nxe4 10. Bxe4 Bxe4 11. Qxe4 Nc6 12. d4 Bf6 13. Be3 Qe8 14. Rad1 Rd8 15. Rfe1 Na5 16. Qc2 Nc6 17. Nc3 Qh5 18. Qe4 Rde8 19. Bf4 d5 20. cxd5 Nxd4 21. Kg2 e5 22. Be3 Be7 23. d6 Bxd6 24. Qd5+ Qf7 25. Qxf7+ Kxf7 26. Bxd4 exd4 27. Rxe8 Rxe8 28. Rxd4 Be5 1/2-1/2

[Event "ESP-chT CECLUB Div2"]
[Site "Linares"]
[Date "2024.08.12"]
[Round "2.29"]
[White "Robledo Sanchez, Carlos"]
[Black "Blanco Garcia, Liliam Barbara"]
[Result "1/2-1/2"]
[WhiteElo "2138"]
[BlackElo "2045"]
[PlyCount "89"]
[EventDate "2024.08.11"]
[EventType "team-swiss"]
[EventRounds "7"]
[EventCountry "ESP"]
[SourceTitle "CBM 221 Extra"]
[Source "ChessBase"]
[SourceDate "2024.09.30"]
[SourceVersion "1"]
[SourceVersionDate "2024.09.30"]
[SourceQuality "1"]
[WhiteTeam "Enric Valor"]
[BlackTeam "Collado Villalba"]
[WhiteTeamCountry "ESP"]
[BlackTeamCountry "ESP"]

1. c4 c5 2. Nc3 g6 3. g3 Bg7 4. Bg2 Nc6 5. Nf3 b6 6. 0-0 Bb7 7. e3 d6 8. d4 Nh6 9. b3 0-0 10. Bb2 e6 11. Qd2 Nf5 12. d5 Na5 13. e4 Nd4 14. Nxd4 Bxd4 15. Ne2 Bxb2 16. Qxb2 e5 17. f4 f6 18. Rf2 Qe7 19. Raf1 Rae8 20. fxe5 fxe5 21. Nc3 Bc8 22. Qd2 Rxf2 23. Rxf2 Kg7 24. Qe3 Bd7 25. h4 Rf8 26. Kh2 Nb7 27. Rxf8 Qxf8 28. Qe2 Qc8 29. Qe3 h6 30. Bf3 Qe8 31. Qe2 Qc8 32. h5 g5 33. Qd1 Nd8 34. Nb1 Nf7 35. g4 Qa6 36. Qd2 Qc8 37. Qe2 Qd8 38. Nd2 Qf6 39. Nf1 Qf4+ 40. Kg2 Qc1 41. Ne3 Qa1 42. Qd2 Qd4 43. Qe2 Qa1 44. Qd2 Qd4 45. Qe2 1/2-1/2

[Event "San Vicente del Raspeig op 3rd"]
[Site "San Vicente del Raspeig"]
[Date "2022.12.28"]
[Round "4"]
[White "Robledo Sanchez, Carlos"]
[Black "Fernandez Lopez, Francisco Jose"]
[Result "1-0"]
[WhiteElo "2075"]
[BlackElo "1894"]
[PlyCount "73"]
[EventDate "2022.12.26"]
[EventType "swiss"]
[EventRounds "9"]
[EventCountry "ESP"]
[SourceTitle "CBM 212 Extra"]
[Source "ChessBase"]
[SourceDate "2023.03.31"]
[SourceVersion "1"]
[SourceVersionDate "2023.03.31"]
[SourceQuality "1"]

1. c4 e5 2. Nc3 Nc6 3. Nf3 Bb4 4. e4 d6 5. Be2 Nf6 6. d3 h6 7. 0-0 a5 8. a3 Bc5 9. Be3 Bg4 10. Nxe5 Nxe5 11. d4 Nxc4 12. Qa4+ c6 13. Bxc4 Ba7 14. Qc2 0-0 15. Rfe1 Bh5 16. Qd2 d5 17. exd5 cxd5 18. Ba2 Bg6 19. Qe2 Re8 20. Qb5 Bb8 21. g3 Be4 22. Nxe4 Rxe4 23. Qxb7 Ra7 24. Qb5 Rae7 25. Bb1 Rxd4 26. Bh7+ Kxh7 27. Bxd4 Ne4 28. Rad1 Bc7 29. Qd3 Re6 30. f3 f5 31. fxe4 fxe4 32. Qe3 Rg6 33. Kh1 Qb8 34. Rg1 Rg4 35. b4 axb4 36. Rb1 Qb5 37. axb4 1-0

[Event "ESP-ch Amateurs U2300"]
[Site "Murcia"]
[Date "2022.08.30"]
[Round "2.5"]
[White "Beltran de Heredia Eguiaz, Miguel Angel"]
[Black "Robledo Sanchez, Carlos"]
[Result "1-0"]
[WhiteElo "2236"]
[BlackElo "2062"]
[PlyCount "53"]
[EventDate "2022.08.30"]
[EventType "swiss"]
[EventRounds "7"]
[EventCountry "ESP"]
[SourceTitle "EXT 2024"]
[Source "ChessBase"]
[SourceDate "2023.10.10"]
[SourceVersion "1"]
[SourceVersionDate "2023.10.10"]
[SourceQuality "1"]

1. e4 c5 2. Nf3 Nc6 3. Nc3 g6 4. Bb5 Nd4 5. Bc4 Bg7 6. Nxd4 cxd4 7. Qf3 Nh6 8. Ne2 0-0 9. d3 Ng4 10. Bb3 Ne5 11. Qg3 Qb6 12. f4 Nc6 13. h4 Na5 14. h5 Nxb3 15. axb3 d5 16. f5 dxe4 17. dxe4 Qc6 18. hxg6 fxg6 19. Qh4 gxf5 20. Qxh7+ Kf7 21. Bh6 Qf6 22. Bxg7 Qxg7 23. Nxd4 Qxh7 24. Rxh7+ Ke8 25. Nb5 Kd8 26. 0-0-0+ Bd7 27. exf5 1-0

[Event "ESP-ch U18"]
[Site "Salobrena"]
[Date "2019.07.27"]
[Round "9"]
[White "Ortin Blanco, Ainhoa"]
[Black "Robledo Sanchez, Carlos"]
[Result "0-1"]
[WhiteElo "1915"]
[BlackElo "1970"]
[PlyCount "192"]
[EventDate "2019.07.22"]
[EventType "swiss"]
[EventRounds "9"]
[EventCountry "ESP"]
[SourceTitle "CBM 191 Extra"]
[Source "ChessBase"]
[SourceDate "2019.09.30"]
[SourceVersion "1"]
[SourceVersionDate "2019.09.30"]
[SourceQuality "1"]

1. c4 c5 2. Nf3 Nf6 3. d4 cxd4 4. Nxd4 g6 5. Nc3 Nc6 6. e4 Nxd4 7. Qxd4 d6 8. Be2 Bg7 9. Be3 0-0 10. Qd2 Be6 11. f3 Qa5 12. 0-0 Rfc8 13. b3 a6 14. Rac1 b5 15. Nd5 Qxd2 16. Bxd2 Nxd5 17. exd5 Bd4+ 18. Kh1 Bd7 19. Rfd1 Bb6 20. Bg5 f6 21. Bh4 b4 22. Re1 a5 23. Bd1 Kf7 24. Rc2 a4 25. Rce2 Re8 26. bxa4 Bd4 27. g4 Bc3 28. Rg1 Bxa4 29. f4 Bxd1 30. Rxd1 Rec8 31. Kg2 Rxc4 32. Kf3 Rc5 33. Be1 Bxe1 34. Rdxe1 Ra7 35. Rd1 Ra3+ 36. Kg2 Rc4 37. Rde1 Ra7 38. Kf3 Rd4 39. Rb1 Rxd5 40. Rxb4 Rda5 41. Rbb2 Ra3+ 42. Kg2 e5 43. Rbd2 exf4 44. Rf2 R7a6 45. Rxf4 Rxa2 46. Rfd4 Rxd2+ 47. Rxd2 Ke6 48. Kf3 Ra3+ 49. Kf4 g5+ 50. Ke4 Rb3 51. Re2 d5+ 52. Kd4+ Kd6 53. Rf2 Rb4+ 54. Kd3 Rxg4 55. Rxf6+ Ke5 56. Rf7 h5 57. Re7+ Kd6 58. Re2 h4 59. Rf2 Rf4 60. Ra2 g4 61. Ra8 Rf3+ 62. Ke2 Rb3 63. Rd8+ Ke5 64. Rg8 Rb2+ 65. Ke3 Rxh2 66. Rg5+ Kd6 67. Rxg4 h3 68. Rh4 Ra2 69. Kd3 Kc5 70. Rh8 Ra3+ 71. Kc2 Rg3 72. Rh4 Rg2+ 73. Kd3 Ra2 74. Rh6 h2 75. Kc3 Rf2 76. Kd3 Rg2 77. Kc3 d4+ 78. Kd3 Rg3+ 79. Kc2 Rg2+ 80. Kd3 Rg3+ 81. Kc2 Rc3+ 82. Kb2 Kd5 83. Rxh2 Rc8 84. Rh7 d3 85. Rd7+ Ke4 86. Re7+ Kd4 87. Re6 d2 88. Rd6+ Ke3 89. Re6+ Kd3 90. Rd6+ Ke2 91. Re6+ Kd1 92. Rd6 Rb8+ 93. Ka1 Rb4 94. Ka2 Kc2 95. Rc6+ Kd3 96. Rd6+ Rd4 0-1

[Event "ESP-ch U18"]
[Site "Salobrena"]
[Date "2019.07.24"]
[Round "5"]
[White "Rivero Pena, Gara del Pino"]
[Black "Robledo Sanchez, Carlos"]
[Result "1/2-1/2"]
[WhiteElo "1720"]
[BlackElo "1970"]
[PlyCount "62"]
[EventDate "2019.07.22"]
[EventType "swiss"]
[EventRounds "9"]
[EventCountry "ESP"]
[SourceTitle "CBM 191 Extra"]
[Source "ChessBase"]
[SourceDate "2019.09.30"]
[SourceVersion "1"]
[SourceVersionDate "2019.09.30"]
[SourceQuality "1"]

1. e4 c5 2. Nf3 Nc6 3. Bb5 g6 4. d4 cxd4 5. Nxd4 Bg7 6. Bxc6 dxc6 7. Ne2 Qxd1+ 8. Kxd1 Nf6 9. f3 0-0 10. Nbc3 Be6 11. Ke1 Rfd8 12. Be3 Bc4 13. Kf2 Nd7 14. Bd4 e5 15. Be3 Nf8 16. Rad1 Ne6 17. b3 Ba6 18. Rd2 Rxd2 19. Bxd2 Nd4 20. Nxd4 exd4 21. Na4 b6 22. Rd1 Rc8 23. Bf4 c5 24. e5 Re8 25. Re1 Bf8 26. Nb2 Bb7 27. Nc4 Re6 28. Nd6 Bc6 29. Re2 b5 30. Ke1 a6 31. Kd1 Bxd6 1/2-1/2

[Event "ESP-ch U18"]
[Site "Salobrena"]
[Date "2019.07.24"]
[Round "4"]
[White "Robledo Sanchez, Carlos"]
[Black "Pomet Polo, Celia"]
[Result "1-0"]
[WhiteElo "1970"]
[BlackElo "1723"]
[PlyCount "51"]
[EventDate "2019.07.22"]
[EventType "swiss"]
[EventRounds "9"]
[EventCountry "ESP"]
[SourceTitle "CBM 191 Extra"]
[Source "ChessBase"]
[SourceDate "2019.09.30"]
[SourceVersion "1"]
[SourceVersionDate "2019.09.30"]
[SourceQuality "1"]

1. e4 c5 2. Nf3 d6 3. d4 cxd4 4. Nxd4 Nf6 5. Nc3 a6 6. Bg5 e6 7. f4 Be7 8. Qf3 h6 9. Bh4 Nbd7 10. 0-0-0 Qc7 11. Bxf6 gxf6 12. f5 Ne5 13. Qh5 Kd8 14. g3 Bd7 15. Bh3 Qc8 16. Nce2 Qc4 17. b3 Qc8 18. fxe6 fxe6 19. Nf4 Qc3 20. Ndxe6+ Bxe6 21. Nxe6+ Kc8 22. Nf4+ Kb8 23. Kb1 Nc4 24. bxc4 Bd8 25. Rd3 Qxc4 26. Qd5 1-0